<?xml version="1.0" encoding="UTF-8"?>
<record
    xmlns:xsi="http://www.w3.org/2001/XMLSchema-instance"
    xsi:schemaLocation="http://www.loc.gov/MARC21/slim http://www.loc.gov/standards/marcxml/schema/MARC21slim.xsd"
    xmlns="http://www.loc.gov/MARC21/slim">

  <leader>02727nam a2200589 a 4500</leader>
  <controlfield tag="005">20240515121639.0</controlfield>
  <controlfield tag="008">101001s2009||||sp a   f |||| 001 0 spa d</controlfield>
  <datafield tag="020" ind1=" " ind2=" ">
    <subfield code="a">9788471016041</subfield>
  </datafield>
  <datafield tag="041" ind1=" " ind2=" ">
    <subfield code="a">spa</subfield>
  </datafield>
  <datafield tag="092" ind1=" " ind2=" ">
    <subfield code="c">616.0757</subfield>
    <subfield code="l">66</subfield>
    <subfield code="s">PED</subfield>
  </datafield>
  <datafield tag="100" ind1="1" ind2=" ">
    <subfield code="a">Pedrosa, C&#xE9;sar</subfield>
    <subfield code="9">1803</subfield>
    <subfield code="q">S&#xE1;nchez Alvarez-Pedrosa, C&#xE9;sar</subfield>
  </datafield>
  <datafield tag="245" ind1=" " ind2=" ">
    <subfield code="a">Diagn&#xF3;stico por imagen. </subfield>
    <subfield code="b">T.1 T&#xF3;rax /</subfield>
    <subfield code="c">C&#xE9;sar Pedrosa</subfield>
  </datafield>
  <datafield tag="250" ind1=" " ind2=" ">
    <subfield code="a">3a ed. </subfield>
  </datafield>
  <datafield tag="260" ind1=" " ind2=" ">
    <subfield code="a">Madrid: </subfield>
    <subfield code="b">Marb&#xE1;n;</subfield>
    <subfield code="c">2009.</subfield>
  </datafield>
  <datafield tag="300" ind1=" " ind2=" ">
    <subfield code="a">858 p.</subfield>
    <subfield code="b">il.</subfield>
  </datafield>
  <datafield tag="500" ind1=" " ind2=" ">
    <subfield code="a">Pedrosa, C. (2009). Diagn&#xF3;stico por imagen. T.1 Tor&#xE1;x. (3a ed.). Madrid : Marb&#xE1;n. </subfield>
  </datafield>
  <datafield tag="653" ind1=" " ind2=" ">
    <subfield code="a">Diagn&#xF3;stico por imagen. Evoluci&#xF3;n hist&#xF3;rica</subfield>
  </datafield>
  <datafield tag="653" ind1=" " ind2=" ">
    <subfield code="a">Imagen: conceptos b&#xE1;sicos</subfield>
  </datafield>
  <datafield tag="653" ind1=" " ind2=" ">
    <subfield code="a">Digitalizaci&#xF3;n de im&#xE1;genes radiol&#xF3;gicas</subfield>
  </datafield>
  <datafield tag="653" ind1=" " ind2=" ">
    <subfield code="a">Rayos X. Los medios de contraste</subfield>
  </datafield>
  <datafield tag="653" ind1=" " ind2=" ">
    <subfield code="a">Tomografia computarizada</subfield>
  </datafield>
  <datafield tag="653" ind1=" " ind2=" ">
    <subfield code="a">Resonancia magn&#xE9;tica</subfield>
  </datafield>
  <datafield tag="653" ind1=" " ind2=" ">
    <subfield code="a">Medicina nuclear</subfield>
  </datafield>
  <datafield tag="653" ind1=" " ind2=" ">
    <subfield code="a">Ultrasonidos</subfield>
  </datafield>
  <datafield tag="653" ind1=" " ind2=" ">
    <subfield code="a">Radiolog&#xED;a vascular e intervencionista</subfield>
  </datafield>
  <datafield tag="653" ind1=" " ind2=" ">
    <subfield code="a">Protecci&#xF3;n radiol&#xF3;gica y garant&#xED;a de calidad en radiodiagn&#xF3;stico</subfield>
  </datafield>
  <datafield tag="653" ind1=" " ind2=" ">
    <subfield code="a">T&#xF3;rax: t&#xE9;cnicas e indicaciones en radiodiagn&#xF3;stico</subfield>
  </datafield>
  <datafield tag="653" ind1=" " ind2=" ">
    <subfield code="a">Medicina nuclear: aparato respiratorio y coraz&#xF3;n</subfield>
  </datafield>
  <datafield tag="653" ind1=" " ind2=" ">
    <subfield code="a">Anatom&#xED;a radiol&#xF3;gica del t&#xF3;rax</subfield>
  </datafield>
  <datafield tag="653" ind1=" " ind2=" ">
    <subfield code="a">Semiolog&#xED;a tor&#xE1;cica: lesiones del espacio a&#xE9;reo, lesi&#xF3;n alveolar. Atelectasia. Hemit&#xF3;rax opaco</subfield>
  </datafield>
  <datafield tag="653" ind1=" " ind2=" ">
    <subfield code="a">Semiolog&#xED;a tor&#xE1;sica: n&#xF3;dulo y masa pulmonar. Lesi&#xF3;n cavitaria y qu&#xED;stica. Calcificaci&#xF3;n pulmonar. Lesi&#xF3;n hiliar</subfield>
  </datafield>
  <datafield tag="653" ind1=" " ind2=" ">
    <subfield code="a">Lesi&#xF3;n intersticial difusa</subfield>
  </datafield>
  <datafield tag="653" ind1=" " ind2=" ">
    <subfield code="a">Semiolog&#xED;a: cavidad pleural. Pared tor&#xE1;cica. Diafragma. Plexo braquial</subfield>
  </datafield>
  <datafield tag="653" ind1=" " ind2=" ">
    <subfield code="a">Mediastino</subfield>
  </datafield>
  <datafield tag="653" ind1=" " ind2=" ">
    <subfield code="a">T&#xF3;rax. Grandes s&#xED;ndromes y signos: dolor tor&#xE1;cico, hemoptisis, tos, broncorrea</subfield>
  </datafield>
  <datafield tag="653" ind1=" " ind2=" ">
    <subfield code="a">Grandes s&#xED;ndromes y signos: insuficiencia respiratoria. Hiperclaridad pulmonar. EPOC. Tromboembolismo pulmonar</subfield>
  </datafield>
  <datafield tag="653" ind1=" " ind2=" ">
    <subfield code="a">Grandes s&#xED;ndromes: neumon&#xED;a, aspiraci&#xF3;n</subfield>
  </datafield>
  <datafield tag="653" ind1=" " ind2=" ">
    <subfield code="a">Neoplasias del pulm&#xF3;n y v&#xED;as respiratorias</subfield>
  </datafield>
  <datafield tag="653" ind1=" " ind2=" ">
    <subfield code="a">Lesiones inmunol&#xF3;gicas del pulm&#xF3;n</subfield>
  </datafield>
  <datafield tag="653" ind1=" " ind2=" ">
    <subfield code="a">Traumatismos tor&#xE1;cicos</subfield>
  </datafield>
  <datafield tag="653" ind1=" " ind2=" ">
    <subfield code="a">T&#xF3;rax en la UCI</subfield>
  </datafield>
  <datafield tag="653" ind1=" " ind2=" ">
    <subfield code="a">T&#xF3;rax en neonatolog&#xED;a</subfield>
  </datafield>
  <datafield tag="653" ind1=" " ind2=" ">
    <subfield code="a">Coraz&#xF3;n: anatom&#xED;a y t&#xE9;cnicas de imagen</subfield>
  </datafield>
  <datafield tag="653" ind1=" " ind2=" ">
    <subfield code="a">Semiolog&#xED;a general de las cardiopat&#xED;as. Insuficiencia card&#xED;aca. Distr&#xE9;s respiratorio del adulto</subfield>
  </datafield>
  <datafield tag="653" ind1=" " ind2=" ">
    <subfield code="a">Cardiopat&#xED;as adquiridas</subfield>
  </datafield>
  <datafield tag="653" ind1=" " ind2=" ">
    <subfield code="a">Cardiopat&#xED;as cong&#xE9;nitas</subfield>
  </datafield>
  <datafield tag="653" ind1=" " ind2=" ">
    <subfield code="a">Pericardio</subfield>
  </datafield>
  <datafield tag="653" ind1=" " ind2=" ">
    <subfield code="a">Sistema vascular: arterias, venas y linf&#xE1;ticos</subfield>
  </datafield>
  <datafield tag="653" ind1=" " ind2=" ">
    <subfield code="a">Sistema vascular. Grandes s&#xED;ndromes: hipertesi&#xF3;n renovascular. Isquemia arterial cr&#xF3;nica perif&#xE9;rica. Hemorragia gastrointestinal. Hipertensi&#xF3;n portal</subfield>
  </datafield>
  <datafield tag="930" ind1=" " ind2=" ">
    <subfield code="a">2600</subfield>
  </datafield>
  <datafield tag="942" ind1=" " ind2=" ">
    <subfield code="2">ddc</subfield>
    <subfield code="c">BK</subfield>
  </datafield>
  <datafield tag="999" ind1=" " ind2=" ">
    <subfield code="c">1096</subfield>
    <subfield code="d">1096</subfield>
  </datafield>
  <datafield tag="952" ind1=" " ind2=" ">
    <subfield code="0">0</subfield>
    <subfield code="1">0</subfield>
    <subfield code="2">ddc</subfield>
    <subfield code="4">0</subfield>
    <subfield code="7">0</subfield>
    <subfield code="8">REF</subfield>
    <subfield code="a">BFM</subfield>
    <subfield code="b">BFM</subfield>
    <subfield code="c">REF</subfield>
    <subfield code="d">2012-08-03</subfield>
    <subfield code="l">7</subfield>
    <subfield code="m">1</subfield>
    <subfield code="o">616.0757 66 PED</subfield>
    <subfield code="p">2600</subfield>
    <subfield code="r">2016-02-22</subfield>
    <subfield code="s">2016-02-19</subfield>
    <subfield code="t">ej.1</subfield>
    <subfield code="w">2012-08-03</subfield>
    <subfield code="y">REF</subfield>
    <subfield code="z">LIBRO DE CONSULTA. Compra PROMED, Julio 2012</subfield>
  </datafield>
  <datafield tag="952" ind1=" " ind2=" ">
    <subfield code="0">0</subfield>
    <subfield code="1">0</subfield>
    <subfield code="2">ddc</subfield>
    <subfield code="4">0</subfield>
    <subfield code="7">0</subfield>
    <subfield code="a">BFM</subfield>
    <subfield code="b">BFM</subfield>
    <subfield code="c">CR</subfield>
    <subfield code="d">2012-08-03</subfield>
    <subfield code="l">44</subfield>
    <subfield code="m">6</subfield>
    <subfield code="o">616.0757 66 PED</subfield>
    <subfield code="p">2601</subfield>
    <subfield code="r">2024-04-09</subfield>
    <subfield code="s">2024-04-05</subfield>
    <subfield code="t">ej.2</subfield>
    <subfield code="w">2012-08-03</subfield>
    <subfield code="y">BK</subfield>
    <subfield code="z">Compra PROMED, Julio 2012</subfield>
  </datafield>
  <datafield tag="952" ind1=" " ind2=" ">
    <subfield code="0">0</subfield>
    <subfield code="1">0</subfield>
    <subfield code="2">ddc</subfield>
    <subfield code="4">0</subfield>
    <subfield code="7">0</subfield>
    <subfield code="a">BFM</subfield>
    <subfield code="b">BFM</subfield>
    <subfield code="c">CR</subfield>
    <subfield code="d">2012-08-03</subfield>
    <subfield code="l">35</subfield>
    <subfield code="m">4</subfield>
    <subfield code="o">616.0757 66 PED</subfield>
    <subfield code="p">2602</subfield>
    <subfield code="r">2024-06-24</subfield>
    <subfield code="s">2024-06-14</subfield>
    <subfield code="t">ej.3</subfield>
    <subfield code="w">2012-08-03</subfield>
    <subfield code="y">BK</subfield>
    <subfield code="z">Compra PROMED, Julio 2012</subfield>
  </datafield>
</record>
